000 00973pam a2200313 i 4500
999 _c2250
_d2250
001 017434740
003 Uk
005 20230405102647.0
008 150518s2015 enk j 000|j|eng|d
015 _aGBB588303
_2bnb
016 7 _a017434740
_2Uk
020 _a9780440871200 (pbk.) :
040 _aStDuBDS
_beng
_cStDuBDS
_dUk
_dKH8
_erda
042 _aukblcatcopy
082 0 4 _a823.92 WIL
_223
100 1 _aWilson, Jacqueline,
_eauthor.
245 1 4 _aThe Jacqueline Wilson Christmas cracker /
_cJacqueline Wilson ; illustrated by Nick Sharratt.
264 1 _aLondon :
_bCorgi,
_c2015.
300 _a307 pages ;
_c20 cm
336 _atext
_2rdacontent
337 _aunmediated
_2rdamedia
338 _avolume
_2rdacarrier
500 _aFormerly CIP.
_5Uk
650 0 _aChristmas stories, English.
650 0 _aChildren's stories, English.
650 0 _aChristmas
_vMiscellanea
_vJuvenile literature.
700 1 _aSharratt, Nick,
_eillustrator.
942 _2ddc
_cNFIC